[Event "Ascona op 14th"]
[Site "Ascona"]
[Date "2021.03.28"]
[Round "4"]
[White "Silva, Lucas Borges Da"]
[Black "Boschetti, Claudio"]
[Result "0-1"]
[WhiteElo "2042"]
[BlackElo "2028"]
[PlyCount "96"]
[EventDate "2021.03.26"]
[EventType "swiss"]
[EventRounds "5"]
[EventCountry "SUI"]
[SourceTitle "CBM 202 Extra"]
[Source "ChessBase"]
[SourceDate "2021.07.31"]
[SourceVersion "1"]
[SourceVersionDate "2021.07.31"]
[SourceQuality "1"]

1. d4 Nf6 2. c4 e5 3. dxe5 Ng4 4. Bf4 Nc6 5. Nf3 Bb4+ 6. Nbd2 Qe7 7. e3 Ngxe5 8. Nxe5 Nxe5 9. Be2 0-0 10. 0-0 Ng6 11. Bg3 Bd6 12. Nb1 Be5 13. Qd2 d6 14. Nc3 c6 15. b4 f5 16. f4 Bf6 17. Bf2 Be6 18. Rac1 Rfd8 19. Bd3 Qf7 20. e4 Bxc3 21. Qxc3 fxe4 22. Bxe4 Nxf4 23. Qc2 Qh5 24. Rce1 Bg4 25. Bd3 Re8 26. Rxe8+ Rxe8 27. Re1 Rxe1+ 28. Bxe1 Qe5 29. Bf2 g6 30. h3 Be2 31. Bxe2 Nxe2+ 32. Kf1 Nd4 33. Qd3 Ne6 34. Qe3 Qxe3 35. Bxe3 b6 36. Ke2 Kf7 37. Kd3 d5 38. a4 Kf6 39. cxd5 cxd5 40. b5 Ke5 41. a5 d4 42. axb6 axb6 43. Bc1 Kd5 44. Ba3 Nf4+ 45. Kd2 Nxg2 46. Be7 Kc4 47. Bf6 Nf4 48. h4 Ne6 0-1

[Event "Ascona op 14th"]
[Site "Ascona"]
[Date "2021.03.27"]
[Round "3"]
[White "Massironi, Davide"]
[Black "Silva, Lucas Borges Da"]
[Result "1/2-1/2"]
[WhiteElo "2080"]
[BlackElo "2042"]
[PlyCount "124"]
[EventDate "2021.03.26"]
[EventType "swiss"]
[EventRounds "5"]
[EventCountry "SUI"]
[SourceTitle "CBM 202 Extra"]
[Source "ChessBase"]
[SourceDate "2021.07.31"]
[SourceVersion "1"]
[SourceVersionDate "2021.07.31"]
[SourceQuality "1"]

1. e4 e5 2. Nf3 Nc6 3. d4 exd4 4. Bc4 Bc5 5. c3 Nf6 6. e5 d5 7. Bb5 Ne4 8. cxd4 Bb6 9. Nc3 0-0 10. Be3 Ne7 11. Bd3 Nxc3 12. bxc3 Bf5 13. 0-0 Qd7 14. Ne1 Rac8 15. f4 Bxd3 16. Nxd3 f5 17. a4 a5 18. Qb3 Nc6 19. Kh1 Nd8 20. Bc1 Ne6 21. Ba3 Rfd8 22. Ra2 Qc6 23. h3 Rd7 24. g4 Rf7 25. Rg2 Ba7 26. gxf5 Rxf5 27. Rfg1 g6 28. Qc2 Kf7 29. Bc1 b6 30. Be3 Rf8 31. Rg4 Rh5 32. Kh2 Ke8 33. Qb3 Rhf5 34. Bc1 R8f7 35. Rf1 Kd7 36. Be3 Kc8 37. Rc1 Kb7 38. c4 Rd7 39. c5 Ka8 40. Qb5 Qxb5 41. axb5 bxc5 42. dxc5 d4 43. Bd2 Rd5 44. b6 cxb6 45. cxb6 Bxb6 46. Rc6 Nc5 47. e6 Rf8 48. Nxc5 Bxc5 49. Bxa5 Kb7 50. Rc7+ Ka6 51. Bd2 Re8 52. Rxh7 Rxe6 53. Rh6 Rdd6 54. Rg5 Kb5 55. Kg3 Kc4 56. Rh8 Rc6 57. Ra8 Kd3 58. Bc1 Re1 59. Bb2 Re2 60. Rb8 Kd2 61. Rxc5 Rxc5 62. Bxd4 Rc6 1/2-1/2

[Event "Locarno op 3rd"]
[Site "Locarno"]
[Date "2018.03.18"]
[Round "5"]
[White "Silva, Lucas Borges Da"]
[Black "Fischer, Gerd1111"]
[Result "1-0"]
[WhiteElo "1998"]
[BlackElo "1841"]
[PlyCount "65"]
[EventDate "2018.03.16"]
[EventType "swiss"]
[EventRounds "5"]
[EventCountry "SUI"]
[SourceTitle "CBM 183 Extra"]
[Source "ChessBase"]
[SourceDate "2018.04.19"]
[SourceVersion "1"]
[SourceVersionDate "2018.04.19"]
[SourceQuality "1"]

1. d4 d6 2. c4 e5 3. dxe5 dxe5 4. Qxd8+ Kxd8 5. Nc3 Be6 6. b3 Nd7 7. Nf3 f6 8. g3 c6 9. Bg2 Kc7 10. 0-0 Nh6 11. Bb2 Be7 12. Rac1 Rad8 13. Nd5+ Bxd5 14. cxd5 c5 15. b4 Kb8 16. bxc5 Bxc5 17. Bh3 Bd6 18. Rfd1 Rhe8 19. Nd2 Nf7 20. Ne4 Nf8 21. Bc3 Ba3 22. Rb1 Nd6 23. Nd2 a6 24. Ba5 Nb5 25. Rxb5 axb5 26. Bxd8 Rxd8 27. e4 Bb4 28. Nf3 Bc5 29. Rb1 b4 30. Ne1 Kc7 31. Nd3 Kd6 32. Nxc5 Ra8 33. Nd3 1-0

[Event "Coimbra Queima das Fitas op"]
[Site "Coimbra"]
[Date "2016.04.23"]
[Round "2"]
[White "Silva, Lucas Borges Da"]
[Black "Santos, Antonio Miguel Oliv"]
[Result "1/2-1/2"]
[WhiteElo "1983"]
[BlackElo "1730"]
[PlyCount "107"]
[EventDate "2016.04.22"]
[EventType "swiss"]
[EventRounds "7"]
[EventCountry "POR"]
[SourceTitle "EXT 2018"]
[Source "ChessBase"]
[SourceDate "2017.10.13"]
[SourceVersion "1"]
[SourceVersionDate "2017.10.13"]
[SourceQuality "1"]

1. d4 Nf6 2. c4 g6 3. Nc3 Bg7 4. Nf3 0-0 5. Bg5 c5 6. d5 e6 7. e4 exd5 8. cxd5 d6 9. h3 h6 10. Bf4 Na6 11. Bd3 Nc7 12. 0-0 a6 13. a4 Rb8 14. a5 b5 15. axb6 Rxb6 16. Nd2 Nh5 17. Bh2 Rxb2 18. Qc1 Rb4 19. Nc4 Nb5 20. Nxb5 axb5 21. Nxd6 Bxa1 22. Qxa1 c4 23. Bc2 Qb6 24. Qa3 Qc5 25. Be5 c3 26. Bxc3 Rc4 27. Nxc4 Qxc4 28. Bb4 Re8 29. Bd3 Qd4 30. Bc5 Qf6 31. Bxb5 Rxe4 32. d6 Qe6 33. Qa8 Kh7 34. d7 Bxd7 35. Bxd7 Qe5 36. Qf8 Qf6 37. Bb5 Nf4 38. Qa8 Re5 39. Bd4 Nxh3+ 40. gxh3 Rg5+ 41. Kh1 Qxd4 42. Bc6 Rf5 43. Qa2 Qd3 44. Bg2 Kg7 45. Qb2+ Kh7 46. Rc1 Rb5 47. Qa2 Rf5 48. Qb2 Rb5 49. Qa2 Rf5 50. Qa8 Qd2 51. Rf1 Rxf2 52. Qa7 Rxf1+ 53. Bxf1 Qf4 54. Bg2 1/2-1/2

[Event "Gaia Profigaia op 8th"]
[Site "Vila Nova de Gaia"]
[Date "2015.07.03"]
[Round "9"]
[White "Silva, Lucas Borges Da"]
[Black "Soares, Joao Diogo Pedreiro"]
[Result "1-0"]
[WhiteElo "1976"]
[BlackElo "1700"]
[PlyCount "175"]
[EventDate "2015.06.27"]
[EventType "swiss"]
[EventRounds "9"]
[EventCountry "POR"]
[SourceTitle "EXT 2018"]
[Source "ChessBase"]
[SourceDate "2017.10.13"]
[SourceVersion "1"]
[SourceVersionDate "2017.10.13"]
[SourceQuality "1"]

1. e4 c5 2. Nf3 Nc6 3. Bb5 a6 4. Bxc6 bxc6 5. 0-0 d5 6. Qe2 Bg4 7. d3 e6 8. h3 Bh5 9. Nc3 Nf6 10. g4 Bg6 11. Ne5 Rc8 12. f4 Be7 13. f5 dxe4 14. fxg6 Qd4+ 15. Qf2 Qxe5 16. gxf7+ Kf8 17. Bf4 Qd4 18. Be3 Qb4 19. a3 Qxb2 20. Na4 Qe5 21. Nxc5 Rd8 22. d4 Qd5 23. g5 Nd7 24. c4 Qxc4 25. Nxe4 Qd5 26. Nc3 Qa5 27. Ne4 Qd5 28. Qf4 Nb6 29. Rab1 Nc4 30. Bf2 Nxa3 31. Rb7 Nb5 32. Nc5 Nxd4 33. Qxd4 Qxg5+ 34. Qg4 Qxg4+ 35. hxg4 Kxf7 36. Bh4+ Kg6 37. Rxe7 Rhe8 38. Rxe6+ Rxe6 39. Nxe6 Ra8 40. Ra1 a5 41. Nc5 h6 42. Ra4 Rb8 43. Rxa5 Rb4 44. Ra4 Rxa4 45. Nxa4 h5 46. gxh5+ Kxh5 47. Be7 Kg4 48. Kg2 Kf4 49. Nc5 Ke5 50. Kg3 Kd5 51. Kg4 Ke5 52. Kg5 Kd5 53. Kg6 Kc4 54. Kxg7 Kd5 55. Kf6 Kd4 56. Ke6 Kc4 57. Kd6 Kd4 58. Na6 c5 59. Nxc5 Ke3 60. Ke5 Kf3 61. Kf5 Ke3 62. Bf6 Kf3 63. Bd4 Kg3 64. Nd3 Kf3 65. Bc5 Kg3 66. Ne5 Kh3 67. Kf4 Kg2 68. Kg4 Kh2 69. Kf3 Kh1 70. Ng6 Kh2 71. Nh4 Kh1 72. Nf5 Kh2 73. Ng3 Kh3 74. Bg1 Kh4 75. Ne4 Kh3 76. Ng5+ Kh4 77. Kf4 Kh5 78. Kf5 Kh4 79. Bf2+ Kh5 80. Be1 Kh6 81. Ne6 Kh5 82. Ng7+ Kh6 83. Kf6 Kh7 84. Kf7 Kh8 85. Bd2 Kh7 86. Ne6 Kh8 87. Bc1 Kh7 88. Nf8+ 1-0

[Event "Matosinhos Honra"]
[Site "Matosinhos"]
[Date "2015.06.07"]
[Round "1"]
[White "Silva, Leonildo"]
[Black "Silva, Lucas Borges Da"]
[Result "0-1"]
[WhiteElo "1500"]
[BlackElo "1976"]
[PlyCount "74"]
[EventDate "2015.06.07"]
[EventType "tourn"]
[EventRounds "9"]
[EventCountry "POR"]
[SourceTitle "EXT 2018"]
[Source "ChessBase"]
[SourceDate "2017.10.13"]
[SourceVersion "1"]
[SourceVersionDate "2017.10.13"]
[SourceQuality "1"]

1. e4 e5 2. Nf3 Nc6 3. Bb5 a6 4. Ba4 Nf6 5. 0-0 Be7 6. Re1 b5 7. Bb3 d6 8. c3 0-0 9. d4 Bg4 10. h3 Bxf3 11. Qxf3 exd4 12. Qd3 dxc3 13. Nxc3 Re8 14. f4 Bf8 15. Bd2 Nb4 16. Qf3 c5 17. a3 Nc6 18. Be3 Na5 19. Bc2 Nc4 20. Bc1 Nb6 21. b3 d5 22. e5 d4 23. Ne4 Nxe4 24. Bxe4 Rc8 25. Bb2 c4 26. bxc4 bxc4 27. Bb7 Rb8 28. Bxa6 Na4 29. Bc1 Qc7 30. Qf1 d3 31. Bd2 Qb6+ 32. Kh1 Qxa6 33. f5 c3 34. Bg5 Nc5 35. f6 d2 36. Red1 Qxf1+ 37. Rxf1 Ne4 0-1

[Event "Matosinhos Honra"]
[Site "Matosinhos"]
[Date "2015.06.07"]
[Round "2"]
[White "Silva, Lucas Borges Da"]
[Black "Santos, Antonio Miguel Oliv"]
[Result "0-1"]
[WhiteElo "1976"]
[BlackElo "1718"]
[PlyCount "110"]
[EventDate "2015.06.07"]
[EventType "tourn"]
[EventRounds "9"]
[EventCountry "POR"]
[SourceTitle "EXT 2018"]
[Source "ChessBase"]
[SourceDate "2017.10.13"]
[SourceVersion "1"]
[SourceVersionDate "2017.10.13"]
[SourceQuality "1"]

1. e4 c5 2. Nf3 Nc6 3. Bb5 g6 4. 0-0 Bg7 5. c3 Nf6 6. Re1 a6 7. Ba4 b5 8. Bb3 c4 9. Bc2 0-0 10. d4 cxd3 11. Qxd3 d6 12. Qe2 Ng4 13. Nbd2 Nge5 14. h3 Bd7 15. Nxe5 Nxe5 16. Nf1 Nc4 17. Bb3 Be6 18. Nh2 Qc7 19. Nf3 h6 20. Nd4 Bd7 21. Be3 Nxe3 22. Qxe3 Rab8 23. Qg3 Kh7 24. Rac1 Qb6 25. Ne2 b4 26. h4 a5 27. Nf4 Be5 28. Qf3 bxc3 29. Nd5 Qd8 30. Nxc3 e6 31. h5 Qh4 32. g3 Qxh5 33. Qxh5 gxh5 34. Red1 Rg8 35. Kf1 Rgd8 36. f4 Bxc3 37. bxc3 Bc6 38. Rd4 e5 39. fxe5 dxe5 40. Rxd8 Rxd8 41. Bxf7 Rf8 42. Ke2 Rxf7 43. Ke3 Rb7 44. Rd1 Rd7 45. Rb1 Rg7 46. Kf3 Rg4 47. Rb6 Bxe4+ 48. Kf2 Bd3 49. Re6 e4 50. Re7+ Rg7 51. Re5 Rg5 52. Re7+ Kg6 53. Re6+ Kg7 54. Re7+ Kf6 55. Rh7 e3+ 0-1

[Event "Coimbra op"]
[Site "Coimbra"]
[Date "2015.05.03"]
[Round "6"]
[White "Silva, Lucas Borges Da"]
[Black "Chetverik, Maxim"]
[Result "0-1"]
[WhiteElo "1976"]
[BlackElo "2266"]
[PlyCount "178"]
[EventDate "2015.04.30"]
[EventType "swiss"]
[EventRounds "7"]
[EventCountry "POR"]
[SourceTitle "CBM 166 Extra"]
[Source "ChessBase"]
[SourceDate "2015.06.18"]
[SourceVersion "1"]
[SourceVersionDate "2015.06.18"]
[SourceQuality "1"]

1. e4 a6 2. d4 b5 3. Nf3 Bb7 4. Bd3 Nf6 5. Qe2 e6 6. a4 b4 7. 0-0 c5 8. c3 c4 9. Bxc4 Bxe4 10. Bg5 d5 11. Nbd2 Bxf3 12. Qxf3 Nbd7 13. Bd3 Be7 14. c4 0-0 15. a5 Qb8 16. Rfe1 Rc8 17. Bf4 Qa7 18. c5 Nf8 19. h4 N6d7 20. h5 Bf6 21. Nb3 h6 22. Qg4 Kh8 23. Re3 Nh7 24. Bxh7 Kxh7 25. Qh3 Qb7 26. g4 Qb5 27. Bd6 Nb8 28. f4 Nc6 29. Rd1 Nxa5 30. Nxa5 Qxa5 31. Rg3 Qb5 32. Qg2 g5 33. hxg6+ fxg6 34. g5 Bh8 35. Qh3 h5 36. Qxe6 Qe8 37. Qxd5 Ra7 38. f5 Bg7 39. f6 Bf8 40. Bxf8 Qxf8 41. Re3 Rd8 42. Qc6 Rdd7 43. Qe6 Rac7 44. Qe8 Qf7 45. Qxf7+ Rxf7 46. Re6 Rfd7 47. d5 Kg8 48. c6 Rd8 49. Kf2 Kf7 50. Ke2 Rxd5 51. Rxd5 Kxe6 52. Rc5 a5 53. Kd3 a4 54. Kc4 a3 55. bxa3 bxa3 56. Kb3 Kd6 57. Rc1 h4 58. Rd1+ Ke6 59. Re1+ Kd6 60. Kxa3 Rxc6 61. Rd1+ Ke6 62. Re1+ Kf7 63. Rh1 Rc4 64. Kb3 Rg4 65. Kc3 Rxg5 66. Rxh4 Kxf6 67. Kd3 Re5 68. Rg4 Kf5 69. Rg1 g5 70. Kd4 Re4+ 71. Kd3 g4 72. Rf1+ Rf4 73. Rg1 Rf3+ 74. Ke2 Kf4 75. Ra1 Kg3 76. Rg1+ Kh3 77. Ra1 Kg2 78. Ra4 g3 79. Rg4 Rf5 80. Rg8 Re5+ 81. Kd3 Kf2 82. Rf8+ Kg1 83. Rg8 g2 84. Rg7 Rh5 85. Ke2 Kh2 86. Kf3 Rf5+ 87. Ke4 Rf1 88. Rh7+ Kg3 89. Rg7+ Kf2 0-1

[Event "Coimbra op"]
[Site "Coimbra"]
[Date "2015.05.02"]
[Round "5"]
[White "Dias, Paulo Jorge Guimara"]
[Black "Silva, Lucas Borges Da"]
[Result "1-0"]
[WhiteElo "2388"]
[BlackElo "1976"]
[PlyCount "59"]
[EventDate "2015.04.30"]
[EventType "swiss"]
[EventRounds "7"]
[EventCountry "POR"]
[SourceTitle "CBM 166 Extra"]
[Source "ChessBase"]
[SourceDate "2015.06.18"]
[SourceVersion "1"]
[SourceVersionDate "2015.06.18"]
[SourceQuality "1"]

1. d4 d5 2. c4 e6 3. Nc3 Nf6 4. Nf3 Be7 5. Bf4 0-0 6. e3 c5 7. dxc5 a6 8. cxd5 exd5 9. Be2 Nc6 10. 0-0 Bxc5 11. Ne5 Re8 12. Nxc6 bxc6 13. Qa4 Qd7 14. Rfd1 Bd6 15. Rac1 Bxf4 16. Qxf4 Qe7 17. Na4 Bd7 18. Nc5 a5 19. Bf3 Rab8 20. b3 Rb5 21. Qd4 Rb4 22. Qc3 Bg4 23. Bxg4 Nxg4 24. Nd3 Qd6 25. Qxc6 Qxh2+ 26. Kf1 Rbe4 27. Nf4 Nxe3+ 28. fxe3 Rxe3 29. Qc7 R3e5 30. Qxe5 1-0

[Event "Porto Axis op"]
[Site "Porto"]
[Date "2014.03.17"]
[Round "7"]
[White "Silva, Mariana Filipa Carv"]
[Black "Silva, Lucas Borges Da"]
[Result "0-1"]
[WhiteElo "1627"]
[BlackElo "1985"]
[PlyCount "150"]
[EventDate "2014.03.11"]
[EventType "swiss"]
[EventRounds "7"]
[EventCountry "POR"]
[SourceTitle "EXT 2015"]
[Source "ChessBase"]
[SourceDate "2014.11.20"]
[SourceVersion "1"]
[SourceVersionDate "2014.11.20"]
[SourceQuality "1"]

1. e4 e5 2. Nf3 Nc6 3. Bc4 Nf6 4. Ng5 d5 5. exd5 Na5 6. Bb5+ c6 7. dxc6 bxc6 8. Qf3 Rb8 9. Bxc6+ Nxc6 10. Qxc6+ Bd7 11. Qf3 h6 12. Ne4 Nxe4 13. Qxe4 Bd6 14. 0-0 0-0 15. d3 Qc8 16. Qe2 e4 17. Nc3 Bg4 18. Qe1 exd3 19. cxd3 Re8 20. Qd2 Qe6 21. Ne4 Bb4 22. Qe3 f5 23. Ng3 Qd5 24. Qf4 Qxd3 25. f3 Bc5+ 26. Kh1 Bd6 27. Qd2 Qxd2 28. Bxd2 Bxg3 29. fxg4 Rxb2 30. Bc1 Rf2 31. Ba3 Rxf1+ 32. Rxf1 Bc7 33. Bc5 fxg4 34. Bxa7 Ra8 35. Bc5 Rxa2 36. g3 Rc2 37. Bd4 Bd6 38. Rf2 Rc1+ 39. Kg2 Rd1 40. Bb6 Kh7 41. Re2 Kg6 42. Rf2 h5 43. Be3 Be5 44. Ra2 Bf6 45. Bf2 Kf5 46. Ra4 Be5 47. Ra2 g6 48. Bb6 g5 49. Bf2 Bf6 50. Ra5+ Kg6 51. Ra6 Rd2 52. Kf1 Kf5 53. Ra5+ Kg6 54. Ra6 Rd5 55. Kg2 Kf5 56. Ra8 h4 57. gxh4 gxh4 58. Rf8 h3+ 59. Kf1 Ke6 60. Bg3 Rf5+ 61. Ke2 Rb5 62. Rg8 Rb4 63. Ra8 Kd5 64. Ra2 Ke4 65. Rc2 Bd4 66. Ra2 Rb1 67. Ra4 Rb2+ 68. Kf1 Rd2 69. Ke1 Rb2 70. Kf1 Rc2 71. Ra3 Be3 72. Ke1 Kf3 73. Kf1 Rg2 74. Rxe3+ Kxe3 75. Bd6 Kf3 0-1

[Event "St Joao da Madeira op 10th"]
[Site "Sao Joao da Madeira"]
[Date "2013.10.06"]
[Round "3.4"]
[White "Neves, Pedro Alexandre Mai"]
[Black "Silva, Lucas Borges Da"]
[Result "1/2-1/2"]
[WhiteElo "2153"]
[BlackElo "1946"]
[PlyCount "101"]
[EventDate "2013.10.05"]
[EventType "swiss"]
[EventRounds "7"]
[EventCountry "POR"]
[SourceTitle "EXT 2015"]
[Source "ChessBase"]
[SourceDate "2014.11.20"]
[SourceVersion "1"]
[SourceVersionDate "2014.11.20"]
[SourceQuality "1"]

1. Nf3 Nf6 2. c4 c5 3. Nc3 Nc6 4. d4 cxd4 5. Nxd4 g6 6. Nc2 Bg7 7. e4 0-0 8. Be2 d6 9. 0-0 Bd7 10. f3 Rc8 11. Be3 Qa5 12. Qd2 Rfd8 13. Rab1 Ne5 14. b4 Qc7 15. Na3 b6 16. Rfc1 Be8 17. Bf1 e6 18. Bg5 Rd7 19. Kh1 Qb7 20. Rd1 Kf8 21. Ncb5 d5 22. exd5 exd5 23. Bxf6 Bxf6 24. cxd5 Rcd8 25. Nc3 Bg7 26. Be2 f5 27. f4 Ng4 28. Bxg4 fxg4 29. Nab5 Bf7 30. f5 gxf5 31. Qg5 Bxd5 32. Nxd5 Rxd5 33. Qxd8+ Rxd8 34. Rxd8+ Ke7 35. Rbd1 Be5 36. Nd6 Bxd6 37. R8xd6 Qa6 38. Rd7+ Ke6 39. Rxh7 Qxa2 40. h4 Qb3 41. Re1+ Kf6 42. Rh6+ Kf7 43. Rf1 Qxb4 44. Rxf5+ Kg7 45. Rhh5 a5 46. Rhg5+ Kh7 47. Kh2 a4 48. Kg3 a3 49. Rh5+ Kg7 50. Rhg5+ Kh7 51. Rh5+ 1/2-1/2

[Event "St Joao da Madeira op 10th"]
[Site "Sao Joao da Madeira"]
[Date "2013.10.05"]
[Round "2.13"]
[White "Da Costa Moreira, Euler Joarce"]
[Black "Silva, Lucas Borges Da"]
[Result "0-1"]
[WhiteElo "1693"]
[BlackElo "1946"]
[PlyCount "130"]
[EventDate "2013.10.05"]
[EventType "swiss"]
[EventRounds "7"]
[EventCountry "POR"]
[SourceTitle "EXT 2015"]
[Source "ChessBase"]
[SourceDate "2014.11.20"]
[SourceVersion "1"]
[SourceVersionDate "2014.11.20"]
[SourceQuality "1"]

1. d4 Nf6 2. Nf3 e6 3. Bg5 d5 4. Nbd2 Be7 5. e3 0-0 6. c4 h6 7. Bxf6 Bxf6 8. cxd5 exd5 9. Rc1 c6 10. Bd3 Nd7 11. b3 Re8 12. 0-0 Nf8 13. Re1 Bg4 14. Nf1 Bh5 15. Ng3 Bg6 16. Nf5 Qd7 17. Qc2 Rad8 18. Nd2 Be7 19. Nf3 Bf6 20. Rcd1 Bxf5 21. Bxf5 Qd6 22. Rc1 g6 23. Bd3 Ne6 24. Bxg6 fxg6 25. Qxg6+ Bg7 26. Ne5 Ng5 27. Qh5 Bxe5 28. dxe5 Qe6 29. f4 Ne4 30. Rf1 Re7 31. Rf3 Rf8 32. Rh3 Rh7 33. Rf1 Qf5 34. Qe2 Kh8 35. Rh5 Qe6 36. Rf3 Qg4 37. Rhh3 Rf5 38. Qd1 Rh5 39. Rxh5 Qxh5 40. f5 Rf7 41. e6 Rxf5 42. Qa1+ Kg8 43. Rh3 Qe2 44. Rf3 Rxf3 45. gxf3 Qf2+ 46. Kh1 Qxf3+ 47. Kg1 Qxe3+ 48. Kg2 Qf2+ 49. Kh1 Qf3+ 50. Kg1 Qg4+ 51. Kf1 Nd2+ 52. Kf2 Qf3+ 53. Kg1 Qf1+ 54. Qxf1 Nxf1 55. Kxf1 Kf8 56. Kf2 Ke7 57. Kf3 Kxe6 58. Kg4 d4 59. Kf4 c5 60. Ke4 b5 61. b4 Kd6 62. a3 a6 63. h3 h5 64. h4 Kc6 65. Kd3 Kd5 0-1

[Event "POR-ch prel"]
[Site "Matosinhos"]
[Date "2012.08.09"]
[Round "6.12"]
[White "Silva, Lucas Borges Da"]
[Black "Guerra, Jose Antonio Goular"]
[Result "1/2-1/2"]
[WhiteElo "1938"]
[BlackElo "1899"]
[PlyCount "68"]
[EventDate "2012.08.04"]
[EventType "swiss"]
[EventRounds "9"]
[EventCountry "POR"]
[SourceTitle "EXT 2015"]
[Source "ChessBase"]
[SourceDate "2014.11.20"]
[SourceVersion "1"]
[SourceVersionDate "2014.11.20"]
[SourceQuality "1"]

1. e4 c5 2. Nf3 e6 3. d4 cxd4 4. Nxd4 a6 5. Nc3 Qc7 6. Bd3 Nf6 7. 0-0 Bc5 8. Be3 0-0 9. Kh1 b5 10. a3 d6 11. Re1 Nbd7 12. Nb3 Bxe3 13. Rxe3 Ne5 14. h3 Bb7 15. f4 Nxd3 16. cxd3 e5 17. Qf3 Qb6 18. Nd2 Rac8 19. Rae1 Rfd8 20. fxe5 dxe5 21. Qf5 Qe6 22. Nf3 Re8 23. Qg5 Qe7 24. Nh4 Nd5 25. Qxe7 Nxe7 26. Rg3 f6 27. Rf1 Rc6 28. Nd5 Kh8 29. Ne3 Bc8 30. Kg1 Rd8 31. Nef5 Bxf5 32. Nxf5 Nxf5 33. Rxf5 Rc1+ 34. Rf1 Rc2 1/2-1/2

[Event "POR-ch prel"]
[Site "Matosinhos"]
[Date "2012.08.08"]
[Round "5.8"]
[White "Silva, Lucas Borges Da"]
[Black "Mateus, Francisco"]
[Result "0-1"]
[WhiteElo "1938"]
[BlackElo "2060"]
[PlyCount "42"]
[EventDate "2012.08.04"]
[EventType "swiss"]
[EventRounds "9"]
[EventCountry "POR"]
[SourceTitle "EXT 2015"]
[Source "ChessBase"]
[SourceDate "2014.11.20"]
[SourceVersion "1"]
[SourceVersionDate "2014.11.20"]
[SourceQuality "1"]

1. e4 c5 2. Nf3 g6 3. d4 cxd4 4. Nxd4 Bg7 5. Nc3 Nc6 6. Be3 Nf6 7. Nxc6 bxc6 8. e5 Ng8 9. f4 Nh6 10. Qd2 d5 11. 0-0-0 Qa5 12. h3 0-0 13. g4 Rb8 14. Qd4 f6 15. Qxa7 Qb4 16. Nb5 Rb7 17. Qd4 Qa5 18. Nc3 fxe5 19. fxe5 Nf7 20. Bf4 Rb4 21. Qe3 Rxf4 0-1

[Event "POR-ch sf"]
[Site "Amadora"]
[Date "2009.09.08"]
[Round "5"]
[White "Costa, Paulo Jorge Lopes"]
[Black "Silva, Lucas Borges Da"]
[Result "1/2-1/2"]
[WhiteElo "2150"]
[BlackElo "1943"]
[PlyCount "96"]
[EventDate "2009.09.05"]
[EventType "swiss"]
[EventRounds "9"]
[EventCountry "POR"]
[SourceTitle "EXT 2015"]
[Source "ChessBase"]
[SourceDate "2014.11.20"]
[SourceVersion "1"]
[SourceVersionDate "2014.11.20"]
[SourceQuality "1"]

1. d4 d5 2. Nf3 Nf6 3. c4 e6 4. Nc3 Be7 5. Bf4 0-0 6. e3 c5 7. dxc5 Bxc5 8. cxd5 Nxd5 9. Nxd5 exd5 10. a3 Nc6 11. Bd3 Bb6 12. 0-0 d4 13. Qc2 h6 14. e4 Bg4 15. Nd2 Qf6 16. Bg3 Ne5 17. Bxe5 Qxe5 18. Nc4 Qf4 19. Nxb6 axb6 20. Qc1 Qd6 21. f4 Rac8 22. Qd2 Be6 23. Rac1 f6 24. g3 Rc6 25. Qe2 Qc7 26. Rc2 Bb3 27. Rxc6 Qxc6 28. Qd2 Rc8 29. Qb4 Qa4 30. Qxa4 Bxa4 31. Kf2 Bb3 32. Ke2 b5 33. Kd2 Bc4 34. Rc1 Rc6 35. a4 Rb6 36. axb5 Bxb5 37. Rb1 Bxd3 38. Kxd3 Rb4 39. Kc2 Kf7 40. b3 Ke6 41. Ra1 d3+ 42. Kxd3 Rxb3+ 43. Kd4 Rb2 44. h4 Rb4+ 45. Ke3 Rb3+ 46. Kf2 g5 47. hxg5 hxg5 48. fxg5 fxg5 1/2-1/2

[Event "Porto district-ch qual"]
[Site "Matosinhos"]
[Date "2006.05.27"]
[Round "5"]
[White "Silva, Lucas Borges Da"]
[Black "Mendes, Roberto Carlos Sant"]
[Result "1/2-1/2"]
[WhiteElo "1432"]
[BlackElo "1510"]
[PlyCount "76"]
[EventDate "2006.05.13"]
[EventType "swiss"]
[EventRounds "6"]
[EventCountry "POR"]
[SourceTitle "EXT 2008"]
[Source "ChessBase"]
[SourceDate "2007.11.25"]
[SourceVersion "1"]
[SourceVersionDate "2007.11.25"]
[SourceQuality "1"]

1. e4 e5 2. Nc3 Nf6 3. f4 d5 4. fxe5 Nxe4 5. d3 Nxc3 6. bxc3 Be7 7. d4 f6 8. Qh5+ g6 9. Qh6 Bf8 10. Qe3 Qe7 11. exf6 Qxe3+ 12. Bxe3 Be6 13. Bd3 Nd7 14. Bg5 Bf7 15. Kd2 0-0-0 16. Nf3 h6 17. Bh4 g5 18. Bg3 Nxf6 19. Ne5 Be8 20. h3 Rg8 21. Rhf1 Bg7 22. Rf2 Nd7 23. Ng6 Bxg6 24. Bxg6 Bxd4 25. cxd4 Rxg6 26. Raf1 Ra6 27. Rf5 c6 28. Ra1 Ra4 29. c3 Nb6 30. Rf7 Rd7 31. Rf8+ Rd8 32. Rf6 Rh8 33. Rf7 Ra3 34. Re7 Kd8 35. Rxb7 Nc4+ 36. Kc2 Re8 37. Rb8+ Kd7 38. Rb7+ Kc8 1/2-1/2

[Event "Porto district-ch U16"]
[Site "Porto"]
[Date "2006.02.27"]
[Round "3"]
[White "Margarido, Ricardo Emanuel Tor"]
[Black "Silva, Lucas Borges Da"]
[Result "1-0"]
[WhiteElo "1838"]
[BlackElo "1333"]
[PlyCount "109"]
[EventDate "2006.02.25"]
[EventType "tourn"]
[EventRounds "5"]
[EventCountry "POR"]
[SourceTitle "EXT 2008"]
[Source "ChessBase"]
[SourceDate "2007.11.25"]
[SourceVersion "1"]
[SourceVersionDate "2007.11.25"]
[SourceQuality "1"]

1. e4 e5 2. Nf3 Nc6 3. Bb5 a6 4. Ba4 Nf6 5. d3 b5 6. Bb3 d6 7. c3 Bb7 8. Ng5 d5 9. exd5 Na5 10. c4 Bc5 11. 0-0 0-0 12. Bd2 b4 13. a3 Qe7 14. axb4 Bxb4 15. Ra4 Bxd2 16. Nxd2 Nxb3 17. Qxb3 Rab8 18. Rb4 Nd7 19. Nge4 Bxd5 20. Rxb8 Rxb8 21. Qc3 Bxe4 22. Nxe4 Qb4 23. Rb1 Qxc3 24. Nxc3 Rb3 25. Kf1 Nc5 26. Ke2 a5 27. Kd2 a4 28. Kc2 Rb8 29. Ra1 Rd8 30. Nd5 Kf8 31. Nxc7 Nxd3 32. f3 Nc5 33. Nd5 f5 34. Nb6 Rb8 35. Nxa4 Ra8 36. b3 e4 37. fxe4 fxe4 38. Re1 Nxa4 39. bxa4 Rxa4 40. Kb3 Ra6 41. Rxe4 Rg6 42. Re2 Kf7 43. Kb4 Rd6 44. c5 Rd1 45. Kb5 Rb1+ 46. Kc6 Rc1 47. Kd6 Rd1+ 48. Kc7 Rc1 49. c6 Rc3 50. Kd7 Rd3+ 51. Kc8 Rc3 52. c7 Rc1 53. Rd2 Ke7 54. Rd7+ Ke8 55. Rxg7 1-0

[Event "Porto district-ch U16"]
[Site "Porto"]
[Date "2006.02.25"]
[Round "1"]
[White "Pintor, Simao Maciel Abranc"]
[Black "Silva, Lucas Borges Da"]
[Result "0-1"]
[WhiteElo "1782"]
[BlackElo "1333"]
[PlyCount "48"]
[EventDate "2006.02.25"]
[EventType "tourn"]
[EventRounds "5"]
[EventCountry "POR"]
[SourceTitle "EXT 2008"]
[Source "ChessBase"]
[SourceDate "2007.11.25"]
[SourceVersion "1"]
[SourceVersionDate "2007.11.25"]
[SourceQuality "1"]

1. d4 d5 2. c4 c6 3. Nf3 Bf5 4. Nc3 Nf6 5. Qb3 Qb6 6. Qxb6 axb6 7. Bg5 Ne4 8. cxd5 Nxc3 9. bxc3 cxd5 10. e3 e6 11. Bb5+ Nc6 12. Ne5 Rc8 13. g4 h6 14. Nxc6 bxc6 15. Ba6 hxg5 16. Bxc8 Bxg4 17. Rg1 Rxh2 18. Ba6 Bf5 19. Ke2 f6 20. Rh1 Bg4+ 21. Kd3 Rxf2 22. c4 Bb4 23. e4 Rd2+ 24. Ke3 Re2+ 0-1